|
|
|
|
| LEADER |
00000nab a2200000 a 4500 |
| 001 |
vtls008998477 |
| 003 |
SK-MaSNL |
| 005 |
20260303065849.0 |
| 008 |
070613c20070607xo mr| 0 0slo |
| 038 |
|
|
|a RVGKPD
|
| 040 |
|
|
|a RVGKPD
|b slo
|c RVGKPD
|e AACR2
|
| 041 |
|
|
|a slo
|
| 044 |
|
|
|a xo
|c SK
|
| 080 |
|
|
|a 355.3
|2 1997
|
| 245 |
0 |
0 |
|a Vojenský dril na Lešti zažijú len najlepší
|c [autor] (zur)
|
| 300 |
|
|
|b Fotogr.
|
| 610 |
2 |
7 |
|a Vojenský útvar 8024 (Rožňava, Slovensko)
|2 rvgkpd
|9 1054550
|
| 611 |
1 |
7 |
|a deň otvorených dverí
|2 rvgkpd
|9 30331
|
| 651 |
|
7 |
|a Rožňava (Slovensko)
|2 rvgkpd
|9 17394
|
| 773 |
0 |
|
|t Korzár : Gemerský denník
|g Roč. IX, č. 130 (7.6.2007), s. 1
|x 1335-7581
|
| 852 |
|
|
|a RVGKPD
|b KIS3G
|
| 992 |
|
|
|a RBX
|
| 999 |
|
|
|c 1753024
|d 1754954
|